| 000 | 01383cam a2200253 4500500 | ||
|---|---|---|---|
| 005 | 20260322002114.0 | ||
| 041 | _afre | ||
| 042 | _adc | ||
| 100 | 1 | 0 |
_aTrenta, Arnaud _eauthor |
| 245 | 0 | 0 | _aReconciling work and caring for a dependent relative: Public and contractual support schemes for employed carers |
| 260 | _c2023. | ||
| 500 | _a52 | ||
| 520 | _aThis text examines the historical evolution of scientific research models, from Enlightenment-based fundamental research to contemporary participatory research. Each period addresses specific societal challenges: understanding the world, solving problems, technological innovation, or social transformation. In response to current ecological and democratic crises, it argues for a scientific continuum based on the complementarity of knowledge, integrating citizens and researchers to build sustainable and just solutions. | ||
| 690 | _aaccords d’entreprise | ||
| 690 | _aaction publique | ||
| 690 | _aaidants | ||
| 690 | _aaidants salariés | ||
| 690 | _aconciliation vie professionnelle et aide à un proche | ||
| 690 | _adroit du travail | ||
| 690 | _aemploi | ||
| 690 | _arégulations conventionnelles | ||
| 786 | 0 | _nInformations sociales | o 208 | 4 | 2023-05-03 | p. 70-78 | 0046-9459 | |
| 856 | 4 | 1 | _uhttps://shs.cairn.info/journal-informations-sociales-2022-4-page-70?lang=en&redirect-ssocas=7080 |
| 999 |
_c1720552 _d1720552 |
||